<?xml version="1.0" encoding="UTF-8"?>
<record
    xmlns:xsi="http://www.w3.org/2001/XMLSchema-instance"
    xsi:schemaLocation="http://www.loc.gov/MARC21/slim http://www.loc.gov/standards/marcxml/schema/MARC21slim.xsd"
    xmlns="http://www.loc.gov/MARC21/slim">

  <leader>00323noi a22001337a 4500</leader>
  <controlfield tag="005">20250929103825.0</controlfield>
  <controlfield tag="008">200109b        xxu||||| |||| 00| 0 spa d</controlfield>
  <datafield tag="082" ind1=" " ind2=" ">
    <subfield code="a">IU</subfield>
  </datafield>
  <datafield tag="245" ind1=" " ind2=" ">
    <subfield code="a">Inform&#xE1;tica usuarios</subfield>
  </datafield>
  <datafield tag="650" ind1=" " ind2=" ">
    <subfield code="a">SALA DE INFORM&#xC1;TICA</subfield>
  </datafield>
  <datafield tag="650" ind1=" " ind2=" ">
    <subfield code="a">EQUIPO TECNOL&#xD3;GICO</subfield>
  </datafield>
  <datafield tag="650" ind1=" " ind2=" ">
    <subfield code="a">COMPUTADORAS</subfield>
  </datafield>
  <datafield tag="942" ind1=" " ind2=" ">
    <subfield code="c">COMPU</subfield>
    <subfield code="2">ddc</subfield>
  </datafield>
  <datafield tag="999" ind1=" " ind2=" ">
    <subfield code="c">12539</subfield>
    <subfield code="d">12539</subfield>
  </datafield>
  <datafield tag="952" ind1=" " ind2=" ">
    <subfield code="o">IU</subfield>
    <subfield code="p">IU03</subfield>
    <subfield code="y">COMPU</subfield>
  </datafield>
  <datafield tag="952" ind1=" " ind2=" ">
    <subfield code="o">IU</subfield>
    <subfield code="p">IU04</subfield>
    <subfield code="q">2026-06-02</subfield>
    <subfield code="y">COMPU</subfield>
  </datafield>
  <datafield tag="952" ind1=" " ind2=" ">
    <subfield code="o">IU</subfield>
    <subfield code="p">IU05</subfield>
    <subfield code="y">COMPU</subfield>
  </datafield>
  <datafield tag="952" ind1=" " ind2=" ">
    <subfield code="o">IU</subfield>
    <subfield code="p">IU06</subfield>
    <subfield code="y">COMPU</subfield>
  </datafield>
  <datafield tag="952" ind1=" " ind2=" ">
    <subfield code="o">IU</subfield>
    <subfield code="p">IU07</subfield>
    <subfield code="y">COMPU</subfield>
  </datafield>
  <datafield tag="952" ind1=" " ind2=" ">
    <subfield code="o">IU</subfield>
    <subfield code="p">IU08</subfield>
    <subfield code="y">COMPU</subfield>
  </datafield>
  <datafield tag="952" ind1=" " ind2=" ">
    <subfield code="o">IU</subfield>
    <subfield code="p">IU02</subfield>
    <subfield code="y">COMPU</subfield>
  </datafield>
  <datafield tag="952" ind1=" " ind2=" ">
    <subfield code="o">IU</subfield>
    <subfield code="p">IU01</subfield>
    <subfield code="q">2026-06-02</subfield>
    <subfield code="y">COMPU</subfield>
  </datafield>
  <datafield tag="952" ind1=" " ind2=" ">
    <subfield code="o">IG</subfield>
    <subfield code="p">IG01</subfield>
    <subfield code="q">2026-06-02</subfield>
    <subfield code="y">COMPU</subfield>
  </datafield>
  <datafield tag="952" ind1=" " ind2=" ">
    <subfield code="o">IG</subfield>
    <subfield code="p">IG02</subfield>
    <subfield code="q">2026-06-02</subfield>
    <subfield code="y">COMPU</subfield>
  </datafield>
  <datafield tag="952" ind1=" " ind2=" ">
    <subfield code="o">IG</subfield>
    <subfield code="p">IG03</subfield>
    <subfield code="q">2026-06-02</subfield>
    <subfield code="y">COMPU</subfield>
  </datafield>
  <datafield tag="952" ind1=" " ind2=" ">
    <subfield code="o">IG</subfield>
    <subfield code="p">IG04</subfield>
    <subfield code="y">COMPU</subfield>
  </datafield>
</record>
